[Event "Gladbeck- Werne"]
[Site "?"]
[Date "2023.09.17"]
[Round "2.7"]
[White "Nadrowski, Josef"]
[Black "Rickert, Dirk"]
[Result "1/2-1/2"]
[WhiteElo "1507"]
[BlackElo "1800"]
[PlyCount "99"]
[SourceDate "2023.10.09"]

1. Nc3 d5 2. Nf3 d4 3. Nb1 c5 4. g3 Nc6 5. Bg2 e5 6. d3 Nf6 7. O-O Bd6 8. Bg5
h6 9. Bxf6 Qxf6 10. Nbd2 Be6 11. Ne4 Qe7 12. Nfd2 Bc7 13. Nb3 Bb6 14. c3 f5 15.
Ned2 dxc3 16. bxc3 O-O 17. c4 Rad8 18. Qc2 Rd7 19. a3 Rfd8 20. Rad1 a5 21. Qb2
Bc7 22. Bxc6 bxc6 23. f3 Rb8 24. Qc2 Qg5 25. Rf2 Qe7 26. Nf1 Bd8 27. Nbd2 Rdb7
28. Rb1 Rxb1 29. Nxb1 Qb7 30. Nfd2 Qb2 31. Qxb2 Rxb2 32. Rf1 Bg5 33. Rd1 Be3+
34. Kf1 Rc2 35. Ke1 Bg1 36. Nf1 f4 37. Rd2 Rc1+ 38. Rd1 Rxd1+ 39. Kxd1 Bh3 40.
Nbd2 fxg3 41. hxg3 h5 42. Ke1 Bd4 43. a4 Kh7 44. Ne4 Kg6 45. Ned2 Kf5 46. e3
Bc3 47. Ke2 g5 48. Ne4 Bb4 49. Nf2 Bxf1+ 50. Kxf1 1/2-1/2

[Event "Gladbeck- Werne"]
[Site "?"]
[Date "2023.09.17"]
[Round "2.8"]
[White "Wendt, Peter"]
[Black "Zsok, Ludwig"]
[Result "1-0"]
[WhiteElo "1739"]
[BlackElo "1190"]
[PlyCount "75"]
[SourceDate "2023.10.09"]

1. e4 e5 2. Nc3 Nf6 3. f4 d6 4. Nf3 Bg4 5. h3 Bxf3 6. Qxf3 Nc6 7. Bb5 a6 8.
Bxc6+ bxc6 9. O-O Be7 10. d3 Qd7 11. fxe5 dxe5 12. Qg3 O-O 13. Be3 Rfe8 14. Rf3
Qe6 15. Raf1 Nh5 16. Qf2 f6 17. g4 Nf4 18. Bxf4 exf4 19. Rxf4 Rf8 20. Kg2 h6
21. Rf5 Rf7 22. b3 Raf8 23. Ne2 Bd6 24. Nf4 Bxf4 25. Qxf4 Qd6 26. Ra5 Qb4 27.
Rxa6 g5 28. Qf5 Qc3 29. Rf2 Re7 30. Qg6+ Rg7 31. Qf5 Rff7 32. Ra8+ Rf8 33. Qe6+
Rgf7 34. Ra6 Kg7 35. Rxc6 f5 36. Qg6+ Kh8 37. Qxh6+ Rh7 38. Qxf8# 1-0

[Event "SV Erkenschwick 3 - SV Günnigfeld"]
[Site "Verbandsklasse, Gr. 2 2023/20"]
[Date "2023.09.17"]
[Round "2.1"]
[White "Freisen, Thomas"]
[Black "Riechenberg, Sebastian"]
[Result "1/2-1/2"]
[WhiteElo "1960"]
[BlackElo "1899"]
[PlyCount "34"]
[EventDate "2023.??.??"]
[SourceDate "2023.10.09"]
[WhiteTeam "SV Gï¿½nnigfeld"]
[BlackTeam "SV Erkenschwick 3"]

1. c4 c5 2. Nc3 Nc6 3. g3 g6 4. Bg2 Bg7 5. Nf3 Nf6 6. d4 cxd4 7. Nxd4 O-O 8.
O-O Ng4 9. e3 Nge5 10. b3 d6 11. h3 Nxd4 12. exd4 Nc6 13. Be3 e5 14. dxe5 dxe5
15. Nd5 Be6 16. Qd2 f5 17. Rad1 e4 1/2-1/2

[Event "SV Erkenschwick 3 - SV Günnigfeld"]
[Site "Verbandsklasse, Gr. 2 2023/20"]
[Date "2023.09.17"]
[Round "2.2"]
[White "Jaennekes, Oliver"]
[Black "Schwitkowski, Luka"]
[Result "0-1"]
[WhiteElo "1927"]
[BlackElo "1880"]
[PlyCount "35"]
[EventDate "2023.??.??"]
[SourceDate "2023.10.09"]
[WhiteTeam "SV Erkenschwick 3"]

1. Nf3 Nf6 2. g3 d5 3. Bg2 c5 4. O-O Nc6 5. d4 cxd4 6. Nxd4 Qb6 7. Nb3 e6 8.
Be3 Qd8 9. c4 Be7 10. Qc1 Bd7 11. Rd1 dxc4 12. Nc5 Ne5 13. Nxd7 Nexd7 14. Nc3
a6 15. Qc2 O-O 16. Bf4 Qa5 17. Ne4 Nxe4 18. Rxd7 0-1

[Event "SV Erkenschwick 3 - SV Günnigfeld"]
[Site "Verbandsklasse, Gr. 2 2023/20"]
[Date "2023.09.17"]
[Round "2.3"]
[White "Markus, P."]
[Black "Henn, Marcus"]
[Result "1-0"]
[WhiteElo "1863"]
[BlackElo "1984"]
[PlyCount "70"]
[EventDate "2023.??.??"]
[SourceDate "2023.10.09"]
[WhiteTeam "SV Gï¿½nnigfeld"]
[BlackTeam "SV Erkenschwick 3"]

1. e4 e5 2. Nc3 Nf6 3. f4 d5 4. fxe5 Nxe4 5. Qf3 f5 6. d3 Nxc3 7. bxc3 d4 8.
Qg3 Nc6 9. Be2 Be6 10. Nf3 dxc3 11. O-O Bc5+ 12. Kh1 Qd7 13. Ng5 O-O 14. Rf4
Nd4 15. Qh4 h6 16. Rxd4 hxg5 17. Rxd7 gxh4 18. Rxc7 Bd4 19. Bf4 Rf7 20. Rxf7
Kxf7 21. Bf3 Rc8 22. a4 b6 23. a5 bxa5 24. Rxa5 Rb8 25. Ra1 Rb2 26. Bd1 Ba2 27.
h3 Ke6 28. Bg5 Bxe5 29. Bxh4 Rb1 30. Rxb1 Bxb1 31. Bf2 a5 32. d4 Bf6 33. Bf3 a4
34. d5+ Kd6 35. Bg3+ Be5 1-0

[Event "SV Erkenschwick 3 - SV Günnigfeld"]
[Site "Verbandsklasse, Gr. 2 2023/20"]
[Date "2023.09.17"]
[Round "2.3"]
[White "Strohmann, Marcel"]
[Black "Radi, GÃ¼nter"]
[Result "1/2-1/2"]
[WhiteElo "1848"]
[BlackElo "1831"]
[PlyCount "115"]
[EventDate "2023.??.??"]
[SourceDate "2023.10.09"]
[WhiteTeam "SV Erkenschwick 3"]
[BlackTeam "SV Gï¿½nnigfeld"]

1. e4 e5 2. Nf3 Nc6 3. d4 exd4 4. Nxd4 Nf6 5. Nxc6 bxc6 6. e5 Nd5 7. c4 Nb6 8.
Bd3 g6 9. O-O Bg7 10. Re1 O-O 11. Nd2 Re8 12. Nf3 Ba6 13. Bg5 f6 14. exf6 Rxe1+
15. Qxe1 Bxf6 16. Bxf6 Qxf6 17. Qe2 Na4 18. Ne5 Nc5 19. Re1 Rd8 20. h3 Ne6 21.
Qg4 Bc8 22. Qg3 Rf8 23. h4 Nf4 24. Re3 Nh5 25. Ng4 Qxb2 26. Qxc7 Qd4 27. f3 Nf4
28. Qe5 Qxe5 29. Nxe5 Re8 30. Bc2 d6 31. Ng4 Rxe3 32. Nxe3 Ne2+ 33. Kf2 Nd4 34.
Be4 Be6 35. g4 Kg7 36. a3 h6 37. Kg3 Kf6 38. Kf2 g5 39. h5 Ke5 40. Kg3 d5 41.
Bd3 dxc4 42. Bxc4 Bd5 43. Bxd5 cxd5 44. Kf2 Nb5 45. Nf5 Nxa3 46. Nxh6 Kf6 47.
Ke3 Nb5 48. Kd3 a5 49. Nf5 a4 50. Ne3 d4 51. Nc2 a3 52. Ke4 a2 53. Na1 Ke6 54.
f4 Nd6+ 55. Kf3 Kf6 56. fxg5+ Kxg5 57. Ke2 Kxg4 58. Kd3 1/2-1/2

[Event "SV Erkenschwick 3 - SV Günnigfeld"]
[Site "Verbandsklasse, Gr. 2 2023/20"]
[Date "2023.09.17"]
[Round "2.4"]
[White "Funke, Eckhard"]
[Black "Schulze Bisping, Franz-Adolf"]
[Result "1/2-1/2"]
[WhiteElo "1817"]
[BlackElo "1840"]
[PlyCount "38"]
[EventDate "2023.??.??"]
[SourceDate "2023.10.09"]
[WhiteTeam "SV Gï¿½nnigfeld"]
[BlackTeam "SV Erkenschwick 3"]

1. d4 Nf6 2. c4 e6 3. Nc3 Bb4 4. Bd2 b6 5. Nf3 Bb7 6. e3 O-O 7. Be2 Bxc3 8.
Bxc3 Ne4 9. Rc1 d6 10. O-O Nxc3 11. Rxc3 Nd7 12. b4 a5 13. a3 axb4 14. axb4 Ra2
15. Rc2 Qa8 16. Qd2 Rxc2 17. Qxc2 Qa3 18. Rb1 Ra8 19. c5 bxc5 1/2-1/2

[Event "SV Erkenschwick 3 - SV Günnigfeld"]
[Site "Verbandsklasse, Gr. 2 2023/20"]
[Date "2023.09.17"]
[Round "2.6"]
[White "Kampmann, Marcel"]
[Black "Schicktanz, Florian"]
[Result "1/2-1/2"]
[WhiteElo "1730"]
[BlackElo "1725"]
[PlyCount "59"]
[EventDate "2023.??.??"]
[SourceDate "2023.10.09"]
[WhiteTeam "SV Erkenschwick 3"]
[BlackTeam "SV Gï¿½nnigfeld"]

1. c4 Nf6 2. Nf3 g6 3. g3 Bg7 4. Nc3 O-O 5. Bg2 d6 6. d4 Nbd7 7. e4 e5 8. d5
Nc5 9. Qc2 a5 10. Be3 b6 11. O-O Bd7 12. a3 a4 13. Nd2 Ng4 14. Bxc5 bxc5 15. h3
Nf6 16. b4 axb3 17. Nxb3 h5 18. a4 Qc8 19. Kh2 Bh6 20. Nb5 h4 21. Rh1 hxg3+ 22.
fxg3 Nh7 23. Raf1 f5 24. exf5 gxf5 25. Nc1 Kh8 26. Ne2 Rg8 27. Qc3 Bg7 28. Qc2
Bh6 29. Qc3 Bg7 30. Qc2 1/2-1/2

[Event "SV Erkenschwick 3 - SV Günnigfeld"]
[Site "Verbandsklasse, Gr. 2 2023/20"]
[Date "2023.09.17"]
[Round "2.7"]
[White "Oberbarnscheidt, Ludger"]
[Black "Rolf, Jan"]
[Result "1-0"]
[WhiteElo "1957"]
[BlackElo "1866"]
[PlyCount "75"]
[EventDate "2023.??.??"]
[SourceDate "2023.10.09"]
[WhiteTeam "SV Gï¿½nnigfeld"]
[BlackTeam "SV Erkenschwick 3"]

1. Nf3 d5 2. c4 c6 3. d4 Nf6 4. Qc2 Bg4 5. Ne5 e6 6. Nxg4 Nxg4 7. h3 Nxf2 8.
Kxf2 Qh4+ 9. g3 Qxd4+ 10. e3 Qf6+ 11. Kg2 Bd6 12. Nc3 Nd7 13. cxd5 exd5 14. Bd3
g6 15. e4 d4 16. Ne2 O-O-O 17. Bd2 h5 18. Rhf1 Qg7 19. Rac1 Ne5 20. Bg5 Rd7 21.
Bf6 Qh7 22. Bxe5 Bxe5 23. b4 h4 24. g4 Rc7 25. Qc5 Qg7 26. Qxa7 Qh6 27. b5 f6
28. bxc6 bxc6 29. Qa6+ Kd7 30. Rxc6 Rhc8 31. Rfc1 Qe3 32. Rxc7+ Rxc7 33. Rxc7+
Kxc7 34. a4 Bg3 35. Qc4+ Kb8 36. Qxd4 Bf2 37. Qxe3 Bxe3 38. e5 1-0

[Event "SV Erkenschwick 3 - SV Günnigfeld"]
[Site "Verbandsklasse, Gr. 2 2023/20"]
[Date "2023.09.17"]
[Round "2.8"]
[White "Steinke, Hans-JÃ¶rg"]
[Black "Evers, Klaus"]
[Result "1/2-1/2"]
[WhiteElo "1595"]
[BlackElo "1650"]
[PlyCount "46"]
[EventDate "2023.??.??"]
[SourceDate "2023.10.09"]
[WhiteTeam "SV Erkenschwick 3"]
[BlackTeam "SV Gï¿½nnigfeld"]

1. d4 Nf6 2. c4 e6 3. Nf3 d5 4. Nc3 Be7 5. Bg5 Nbd7 6. e3 O-O 7. Rc1 c5 8. cxd5
Nxd5 9. Bxe7 Nxe7 10. Bd3 cxd4 11. exd4 Nf6 12. O-O Bd7 13. Qe2 Nfd5 14. Nxd5
Nxd5 15. Qe4 g6 16. h4 Nb4 17. Bb1 Bc6 18. Qe1 Bxf3 19. Qxb4 Qxh4 20. gxf3 Qg5+
21. Kh2 Qh4+ 22. Kg2 Qg5+ 23. Kh2 Qh4+ 1/2-1/2

[Event "Eichlinghofen 2- Kamen 2"]
[Site "?"]
[Date "2023.09.17"]
[Round "2.1"]
[White "Bui, Hoan Tam"]
[Black "Horenburg, Oliver"]
[Result "0-1"]
[WhiteElo "1827"]
[BlackElo "1827"]
[PlyCount "96"]
[SourceDate "2023.10.09"]

1. e4 e5 2. Nf3 Nf6 3. d4 Nxe4 4. Bd3 d5 5. Nxe5 Nd7 6. O-O Nxe5 7. dxe5 Be7 8.
Nc3 Nxc3 9. bxc3 c6 10. Rb1 O-O 11. Qh5 g6 12. Qe2 Re8 13. Bh6 Bg5 14. Bxg5
Qxg5 15. f4 Qe7 16. Qf2 b6 17. Qg3 c5 18. Rbe1 c4 19. Be2 Bf5 20. Bg4 Be4 21.
h4 Kh8 22. Qh3 h5 23. Bd1 Rad8 24. g4 Rg8 25. Kh2 Qc5 26. Qe3 Qe7 27. Kh3 Rg7
28. Rg1 Rdg8 29. Rg3 hxg4+ 30. Rxg4 Bf5 31. Qd4 Rh7 32. e6+ Rgg7 33. exf7 Qxf7
34. Kg3 Bxg4 35. Bxg4 Rh6 36. Re5 Kh7 37. Rxd5 Qe7 38. Rd7 Qxh4+ 39. Kf3 Qh1+
40. Kg3 Qe1+ 41. Kf3 Qh1+ 42. Kg3 Qh2+ 43. Kf3 Rh3+ 44. Ke4 Qg2+ 45. Ke5 Qxg4
46. Rxg7+ Kxg7 47. Ke4+ Kf7 48. Ke5 Qe6# 0-1

[Event "Eichlinghofen 2- Kamen 2"]
[Site "?"]
[Date "2023.09.17"]
[Round "2.2"]
[White "Behle, Burkhard"]
[Black "Zeitz, Max"]
[Result "1-0"]
[WhiteElo "1824"]
[BlackElo "1792"]
[PlyCount "61"]
[SourceDate "2023.10.09"]

1. c4 Nf6 2. Nc3 g6 3. g3 Bg7 4. Bg2 c5 5. e3 Nc6 6. Nge2 O-O 7. O-O Rb8 8. d4
cxd4 9. exd4 d6 10. h3 e5 11. Be3 a6 12. Rc1 Bd7 13. b3 b5 14. dxe5 dxe5 15.
cxb5 axb5 16. Nxb5 Rxb5 17. Bxc6 Bxc6 18. Rxc6 Rd5 19. Qc2 Qd7 20. Kg2 Ra8 21.
Rc1 h5 22. Rc8+ Rxc8 23. Qxc8+ Kh7 24. Qxd7 Rxd7 25. Nc3 Bf8 26. Bg5 Ne8 27.
Rd1 Rc7 28. Nb5 Rc2 29. Rd2 Rc8 30. Rd8 Rxd8 31. Bxd8 1-0

[Event "Eichlinghofen 2- Kamen 2"]
[Site "?"]
[Date "2023.09.17"]
[Round "2.3"]
[White "Koch, Marcel"]
[Black "Milkert, Sascha"]
[Result "1/2-1/2"]
[WhiteElo "1892"]
[BlackElo "1753"]
[PlyCount "194"]
[SourceDate "2023.10.09"]

1. d4 d5 2. c4 e6 3. Nf3 Nf6 4. Nc3 b6 5. Bg5 Bb7 6. e3 Be7 7. Qc2 Nbd7 8. Be2
O-O 9. a3 Rc8 10. O-O Kh8 11. Rad1 Ne4 12. Bxe7 Qxe7 13. cxd5 exd5 14. Qa4 Ndf6
15. Qxa7 Nxc3 16. bxc3 Bc6 17. Ne5 Qd6 18. Nxc6 Qxc6 19. Qa6 Ra8 20. Qb5 Qxb5
21. Bxb5 Rxa3 22. Rc1 Ne4 23. c4 Nc3 24. Rc2 Nxb5 25. cxb5 Rc8 26. Rb1 Kg8 27.
Kf1 Kf8 28. Ke2 Ke7 29. Kf3 Kd7 30. Kf4 f6 31. f3 Rd3 32. Rb4 h5 33. e4 dxe4
34. fxe4 g6 35. h3 Rd1 36. g4 Rf1+ 37. Kg3 hxg4 38. hxg4 Rg1+ 39. Rg2 Rxg2+ 40.
Kxg2 Ra8 41. Kf3 Ra3+ 42. Kf4 g5+ 43. Kf5 Rf3+ 44. Kg6 Rf4 45. d5 Ke7 46. Rc4
Rxg4 47. Rxc7+ Kd8 48. Rc6 Rxe4 49. Kxf6 g4 50. Kf5 Rb4 51. Rxb6 Kc7 52. Rc6+
Kd7 53. b6 g3 54. Rg6 g2 55. Ke5 Rxb6 56. Rg7+ Ke8 57. Rxg2 Kf7 58. Rc2 Rh6 59.
Rc7+ Ke8 60. Rc6 Rh1 61. Kd6 Kd8 62. Rc2 Rh6+ 63. Kc5 Kd7 64. Rg2 Ra6 65. Rg7+
Kd8 66. Kb5 Ra1 67. Rh7 Ra2 68. Kb6 Ra1 69. Kc6 Ra6+ 70. Kc5 Ra2 71. Kd6 Ra6+
72. Ke5 Rg6 73. Rf7 Ra6 74. Rf8+ Ke7 75. Rb8 Rh6 76. Rc8 Kd7 77. Ra8 Ke7 78.
Kd4 Kd7 79. Ra7+ Kd8 80. Kc5 Rg6 81. Rb7 Rh6 82. Rb1 Rg6 83. Rh1 Ra6 84. Kb5
Ra2 85. Rh4 Kd7 86. Rh6 Ra1 87. Rg6 Ra2 88. Kc5 Ra5+ 89. Kd4 Ra1 90. Rc6 Rd1+
91. Kc5 Rc1+ 92. Kb6 Rb1+ 93. Ka6 Ra1+ 94. Kb5 Rb1+ 95. Ka4 Ra1+ 96. Kb4 Rb1+
97. Ka3 Rd1 1/2-1/2

[Event "Eichlinghofen 2- Kamen 2"]
[Site "?"]
[Date "2023.09.17"]
[Round "2.4"]
[White "Buechle, Manfred"]
[Black "Markert, Dirk"]
[Result "0-1"]
[WhiteElo "1695"]
[BlackElo "1877"]
[PlyCount "58"]
[SourceDate "2023.10.09"]

1. e4 e6 2. d4 d5 3. exd5 exd5 4. Bd3 Bd6 5. Ne2 Nc6 6. O-O Bg4 7. c3 Nf6 8.
Bg5 Qd7 9. Qc2 O-O-O 10. h3 Be6 11. f4 Qe8 12. Bxf6 gxf6 13. Bxh7 Qf8 14. Bf5
Qg7 15. Bxe6+ fxe6 16. Qd3 Rdg8 17. Rf2 Ne7 18. Kf1 e5 19. dxe5 fxe5 20. fxe5
Qxe5 21. Nd2 Kb8 22. Nf3 Qh5 23. Neg1 Nf5 24. Ne2 Re8 25. Nfd4 Ne3+ 26. Kg1
Rhg8 27. Kh1 Rxg2 28. Rxg2 Qxh3+ 29. Rh2 Qxh2# 0-1

[Event "Eichlinghofen 2- Kamen 2"]
[Site "?"]
[Date "2023.09.17"]
[Round "2.5"]
[White "Riemer, Dominik"]
[Black "Lenz, Helmut"]
[Result "0-1"]
[WhiteElo "1751"]
[BlackElo "1965"]
[PlyCount "66"]
[SourceDate "2023.10.09"]

1. b4 e6 2. Bb2 f5 3. e3 Nf6 4. b5 d5 5. c4 c6 6. Nf3 Bd6 7. Be2 O-O 8. d4 Ne4
9. c5 Be7 10. Nbd2 b6 11. bxc6 Nxc6 12. Bb5 Bd7 13. Qa4 Rc8 14. Bxc6 Bxc6 15.
Qxa7 bxc5 16. Qa6 c4 17. Nxe4 fxe4 18. Ne5 Bb4+ 19. Ke2 Be8 20. Ba3 Bxa3 21.
Qxa3 Qf6 22. Raf1 Bh5+ 23. f3 Ra8 24. Qb2 Rfb8 25. Qc2 Qg5 26. Kf2 exf3 27. g3
Ra3 28. Re1 Rba8 29. h4 Qh6 30. g4 Rxa2 31. g5 Rxc2+ 32. Kf1 Qg6 33. Nxg6 Bxg6
0-1

[Event "Eichlinghofen 2- Kamen 2"]
[Site "?"]
[Date "2023.09.17"]
[Round "2.6"]
[White "Buechle, Regina"]
[Black "Bals, Thabo"]
[Result "1/2-1/2"]
[WhiteElo "1703"]
[BlackElo "1575"]
[PlyCount "70"]
[SourceDate "2023.10.09"]

1. d4 d5 2. Nf3 Nf6 3. c4 Bf5 4. Nc3 e6 5. cxd5 exd5 6. Bg5 c6 7. e3 Nbd7 8.
Be2 h6 9. Bh4 Be7 10. O-O O-O 11. Rc1 Re8 12. a3 Ne4 13. Bxe7 Nxc3 14. Rxc3
Rxe7 15. b4 a6 16. Nd2 Nb6 17. Qb3 Nc8 18. Rfc1 Nd6 19. a4 Rc7 20. Bf3 Rac8 21.
Qd1 Qd7 22. Be2 b5 23. a5 Ne4 24. Nxe4 Bxe4 25. Bg4 Bf5 26. Bxf5 Qxf5 27. Qc2
Qe6 28. h3 g6 29. Rd3 f5 30. Qc5 Rb7 31. Qc3 Kf7 32. Qd2 g5 33. f3 Qd6 34. Rb3
Re7 35. Qd3 Kf6 1/2-1/2

[Event "Eichlinghofen 2- Kamen 2"]
[Site "?"]
[Date "2023.09.17"]
[Round "2.7"]
[White "Wiese, Thomas"]
[Black "Heimlich, Oliver"]
[Result "0-1"]
[WhiteElo "1774"]
[BlackElo "1776"]
[PlyCount "68"]
[SourceDate "2023.10.09"]

1. d4 d5 2. e4 dxe4 3. Nc3 Nf6 4. f3 e3 5. Bxe3 e6 6. Bc4 Be7 7. Nge2 Nbd7 8.
O-O O-O 9. Bb3 b6 10. Ng3 Bb7 11. Nce4 Rc8 12. c4 c5 13. dxc5 Nxc5 14. Nxc5
Bxc5 15. Bxc5 Rxc5 16. Qxd8 Rxd8 17. Rfd1 Rdc8 18. Nf1 h5 19. h4 g5 20. hxg5
Rxg5 21. Kf2 e5 22. Rd6 Kg7 23. Ne3 e4 24. f4 Ng4+ 25. Nxg4 Rxg4 26. g3 e3+ 27.
Kxe3 Rxg3+ 28. Kd2 h4 29. Rd7 Bc6 30. Rd3 Rxd3+ 31. Kxd3 h3 32. Bd1 h2 33. Bg4
Rd8+ 34. Ke3 h1=Q 0-1

[Event "Eichlinghofen 2- Kamen 2"]
[Site "?"]
[Date "2023.09.17"]
[Round "2.8"]
[White "Ganske, Lasse"]
[Black "Koehler, Lars- Erik"]
[Result "1-0"]
[WhiteElo "1540"]
[BlackElo "1446"]
[PlyCount "59"]
[SourceDate "2023.10.09"]

1. d4 d5 2. Bf4 c5 3. e3 Nc6 4. Nd2 cxd4 5. exd4 Nxd4 6. c3 Nc6 7. Ngf3 Nf6 8.
Bd3 Bg4 9. Qb3 Qd7 10. O-O a6 11. Ne5 Nxe5 12. Bxe5 Qc6 13. a4 Nd7 14. Rfe1 f6
15. Bg3 e5 16. Qc2 Be7 17. Bg6+ Kf8 18. Bf5 Bxf5 19. Qxf5 g6 20. Qc2 Kg7 21.
Nf3 Bd6 22. Rad1 e4 23. Nd4 Qb6 24. a5 Qa7 25. Bxd6 b6 26. b4 Kf7 27. Qb3 Qb7
28. Rxe4 bxa5 29. Re7+ Kg8 30. Ne6 1-0

[Event "Osterfeld- Katernberg 4"]
[Site "?"]
[Date "2023.09.17"]
[Round "2.1"]
[White "Huettemann, Karl- Heinz"]
[Black "Heisterkamp, Oliver"]
[Result "1/2-1/2"]
[WhiteElo "1958"]
[BlackElo "1941"]
[PlyCount "32"]
[SourceDate "2023.10.09"]

1. c4 g6 2. Nc3 Bg7 3. g3 d6 4. Bg2 e5 5. d3 Nc6 6. Rb1 a5 7. a3 Nge7 8. e3 O-O
9. Nge2 Be6 10. Nd5 Qd7 11. O-O Nc8 12. Nec3 Nd8 13. Ne4 f5 14. Ng5 c6 15. Nc3
h6 16. Nxe6 Nxe6 1/2-1/2

[Event "Osterfeld- Katernberg 4"]
[Site "?"]
[Date "2023.09.17"]
[Round "2.2"]
[White "Laudage, Bernd"]
[Black "Mamikonyan, Davit"]
[Result "1/2-1/2"]
[WhiteElo "1996"]
[BlackElo "1913"]
[PlyCount "31"]
[SourceDate "2023.10.09"]

1. e4 e6 2. Qe2 b6 3. g3 Bb7 4. Bg2 Nc6 5. Nf3 Nge7 6. O-O d5 7. d3 d4 8. Nbd2
e5 9. Nc4 Ng6 10. a4 a5 11. Bd2 Bc5 12. h4 Qe7 13. Bh3 Ba6 14. Ne1 Nf8 15. Kh2
Nd7 16. Qg4 1/2-1/2

[Event "Osterfeld- Katernberg 4"]
[Site "?"]
[Date "2023.09.17"]
[Round "2.3"]
[White "Riesenbeck, Juergen"]
[Black "Hessel, Malte"]
[Result "1/2-1/2"]
[WhiteElo "1948"]
[BlackElo "1980"]
[PlyCount "38"]
[SourceDate "2023.10.09"]

1. Nf3 d5 2. g3 Nf6 3. Bg2 Nbd7 4. d4 e6 5. O-O c5 6. c4 Be7 7. Nc3 dxc4 8.
dxc5 O-O 9. Bf4 Bxc5 10. Qc2 Qe7 11. Ne4 e5 12. Nxc5 Qxc5 13. Be3 Qb5 14. a4
Qb4 15. Rfc1 c3 16. Qxc3 Qxc3 17. Rxc3 Nd5 18. Rb3 Nxe3 19. Rxe3 f6 1/2-1/2

[Event "Osterfeld- Katernberg 4"]
[Site "?"]
[Date "2023.09.17"]
[Round "2.4"]
[White "Fiori, Bruno"]
[Black "Schmitz, Edgar"]
[Result "1/2-1/2"]
[WhiteElo "1831"]
[BlackElo "1877"]
[PlyCount "51"]
[SourceDate "2023.10.09"]

1. e4 c5 2. Nf3 d6 3. d4 cxd4 4. Nxd4 Nf6 5. Nc3 a6 6. a4 e5 7. Nf3 h6 8. h3
Be6 9. Be3 Nc6 10. Be2 Be7 11. O-O d5 12. exd5 Nxd5 13. Nxd5 Qxd5 14. c3 Qxd1
15. Rfxd1 O-O 16. Bb6 Bd8 17. Bxd8 Raxd8 18. Rxd8 Rxd8 19. Rd1 Rxd1+ 20. Bxd1
a5 21. Kf1 Kf8 22. Nd2 Ke7 23. Bf3 Nd8 24. h4 f5 25. g3 g6 26. Be2 1/2-1/2

[Event "Osterfeld- Katernberg 4"]
[Site "?"]
[Date "2023.09.17"]
[Round "2.5"]
[White "Berresheim, Nils"]
[Black "Gebauer, Reinhard"]
[Result "1/2-1/2"]
[WhiteElo "1848"]
[BlackElo "1792"]
[PlyCount "46"]
[SourceDate "2023.10.09"]

1. d4 f5 2. c4 Nf6 3. Nc3 e6 4. Nf3 d6 5. Bf4 h6 6. h3 g5 7. Bh2 Bg7 8. e3 b6
9. Qc2 Bb7 10. d5 O-O 11. dxe6 Ne4 12. Bd3 Nxc3 13. bxc3 Bxf3 14. gxf3 Qf6 15.
Rc1 Qxe6 16. h4 Nd7 17. Rg1 Qf6 18. hxg5 hxg5 19. f4 g4 20. c5 d5 21. Qb3 c6
22. cxb6 axb6 23. Bb1 b5 1/2-1/2

[Event "Osterfeld- Katernberg 4"]
[Site "?"]
[Date "2023.09.17"]
[Round "2.6"]
[White "Bensch, Arnold"]
[Black "Rasch, Lukas"]
[Result "1/2-1/2"]
[WhiteElo "1737"]
[BlackElo "1824"]
[PlyCount "39"]
[SourceDate "2023.10.09"]

1. d4 Nf6 2. c4 c5 3. d5 b5 4. b3 g6 5. Bb2 Bg7 6. e4 O-O 7. Nd2 b4 8. Ngf3 d6
9. h3 Nxe4 10. Bxg7 Nxd2 11. Bxf8 Nxf3+ 12. Qxf3 Qxf8 13. Bd3 Bb7 14. Qg3 Nd7
15. f4 Nf6 16. f5 Qg7 17. O-O g5 18. Rae1 Re8 19. Rf2 Nh5 20. Qe3 1/2-1/2

[Event "Osterfeld- Katernberg 4"]
[Site "?"]
[Date "2023.09.17"]
[Round "2.7"]
[White "Goldkuhle, Collin"]
[Black "Kyritsis, Christoph"]
[Result "1/2-1/2"]
[WhiteElo "1834"]
[BlackElo "1608"]
[PlyCount "43"]
[SourceDate "2023.10.09"]

1. e4 e5 2. Nf3 Nc6 3. Bb5 Bc5 4. O-O d6 5. c3 a6 6. Ba4 Bd7 7. d4 Bb6 8. Bxc6
Bxc6 9. dxe5 dxe5 10. Nxe5 Qxd1 11. Rxd1 Bxe4 12. Re1 f5 13. Nd2 Nf6 14. Nec4
Ba7 15. Nb3 O-O 16. Nd4 Bxd4 17. cxd4 Rad8 18. Be3 Nd5 19. Bg5 Nf6 20. Rad1 h6
21. Bf4 Nd5 22. Be5 1/2-1/2

[Event "Werden 2- Mülheim "]
[Site "?"]
[Date "2023.09.17"]
[Round "2.1"]
[White "Langschmidt, Dirk"]
[Black "Lorenz, Dietmar"]
[Result "1-0"]
[WhiteElo "2008"]
[BlackElo "1825"]
[PlyCount "89"]
[SourceDate "2023.10.09"]

1. e4 c6 2. Nf3 d5 3. Nc3 dxe4 4. Nxe4 Nf6 5. Nxf6+ exf6 6. d4 Bd6 7. Bc4 O-O
8. O-O Re8 9. c3 Nd7 10. Qb3 Re7 11. Nh4 Nf8 12. Bd2 g5 13. Nf3 Bg4 14. Nxg5
Bxh2+ 15. Kxh2 Qd6+ 16. Kg1 fxg5 17. Bxg5 Rd7 18. Qc2 Ne6 19. Qe4 Bh5 20. Qh4
Nxg5 21. Qxh5 Qg6 22. Qg4 Re7 23. Rae1 Rae8 24. Rxe7 Rxe7 25. Bd3 Qxd3 26.
Qxg5+ Kf8 27. Qc5 Ke8 28. Qxa7 Qb5 29. b4 b6 30. Qa8+ Kd7 31. a4 Qc4 32. Qb7+
Kd6 33. Qxb6 Qxc3 34. a5 Kd5 35. a6 Re1 36. Rxe1 Qxe1+ 37. Kh2 Qxf2 38. Qc5+
Ke6 39. Qxc6+ Ke7 40. Qe4+ Kd7 41. a7 Qf6 42. a8=Q Qh6+ 43. Kg3 Qg5+ 44. Qg4+
Qxg4+ 45. Kxg4 1-0

[Event "Werden 2- Mülheim "]
[Site "?"]
[Date "2023.09.17"]
[Round "2.2"]
[White "Eggebrecht, Stefan"]
[Black "Straenger, Petra"]
[Result "1-0"]
[WhiteElo "1749"]
[BlackElo "1826"]
[PlyCount "59"]
[SourceDate "2023.10.09"]

1. e4 d5 2. exd5 Qxd5 3. Nc3 Qa5 4. d4 c6 5. Bd2 Nf6 6. Nf3 Qc7 7. Bc4 Bf5 8.
Ne5 e6 9. g4 Be4 10. Nxe4 Nxe4 11. Bf4 Bb4+ 12. c3 Bd6 13. Qf3 g5 14. Be3 Nc5
15. Qxf7+ Qxf7 16. Nxf7 Kxf7 17. dxc5 Be7 18. O-O-O Re8 19. Rhf1 Bd8 20. f4
gxf4 21. Bxf4 Kg7 22. Be5+ Kg8 23. Kb1 b5 24. cxb6 axb6 25. Rd6 h6 26. Bxe6+
Kh7 27. Bf5+ Kg8 28. Rg6+ Kf7 29. Rg7+ Kf8 30. Bg6+ 1-0

[Event "Werden 2- Mülheim "]
[Site "?"]
[Date "2023.09.17"]
[Round "2.3"]
[White "Preisner, Peter"]
[Black "Lohaus, Herbert"]
[Result "1-0"]
[WhiteElo "1801"]
[BlackElo "1680"]
[PlyCount "59"]
[SourceDate "2023.10.09"]

1. d4 Nf6 2. c4 e5 3. dxe5 Ng4 4. e3 Nxe5 5. f4 Bb4+ 6. Bd2 Bxd2+ 7. Qxd2 Nec6
8. Ne2 d6 9. Ng3 Nd7 10. Nc3 Nf6 11. Be2 Bd7 12. Bf3 a6 13. O-O O-O 14. Rad1
Qe7 15. Nce4 Rad8 16. Nxf6+ Qxf6 17. Ne4 Qe7 18. Nc3 Be6 19. b3 Qe8 20. f5 Bd7
21. f6 g6 22. e4 Kh8 23. Qh6 Rg8 24. Nd5 Rc8 25. Rde1 Be6 26. Bd1 g5 27. e5
dxe5 28. Bc2 Rg6 29. Bxg6 fxg6 30. Qg7# 1-0

[Event "Werden 2- Mülheim "]
[Site "?"]
[Date "2023.09.17"]
[Round "2.4"]
[White "Rother, Josef"]
[Black "Otto, Michael"]
[Result "0-1"]
[WhiteElo "1636"]
[BlackElo "1798"]
[PlyCount "126"]
[SourceDate "2023.10.09"]

1. d4 Nf6 2. Bg5 g6 3. Bxf6 exf6 4. c4 Bg7 5. e3 d6 6. Nc3 f5 7. g3 c6 8. Bg2
Nd7 9. Nge2 O-O 10. O-O Nf6 11. h4 Re8 12. Qc2 Bd7 13. b4 a6 14. Rab1 Qc7 15.
a4 Rac8 16. a5 d5 17. cxd5 cxd5 18. Qb3 Qd6 19. Nxd5 Ne4 20. Bxe4 fxe4 21. Nef4
h6 22. Nb6 g5 23. Nxc8 Bxc8 24. hxg5 hxg5 25. Qd5 Qh6 26. Ng2 Bg4 27. f4 exf3
28. Rxf3 Bxf3 29. Qxf3 Qd6 30. b5 Re6 31. bxa6 Qxa6 32. Qxb7 Qxa5 33. Rf1 Bf6
34. Qd7 Qb6 35. Ra1 Rd6 36. Qf5 Kg7 37. Rb1 Qc6 38. Ne1 Rd5 39. Qe4 Qd6 40. Kg2
Qd7 41. Nd3 Bxd4 42. exd4 Rxd4 43. Qe5+ f6 44. Qb8 Qc6+ 45. Kh3 Qe6+ 46. Kg2
Qe4+ 47. Kh3 g4+ 48. Kh2 Qe2+ 49. Kg1 Qxd3 50. Rb7+ Rd7 51. Rxd7+ Qxd7 52. Qf4
Kg6 53. Kf2 Qf5 54. Ke3 Qxf4+ 55. Kxf4 f5 56. Ke3 Kf6 57. Kf4 Ke6 58. Ke3 Ke5
59. Kf2 Kd4 60. Ke2 Ke4 61. Kf2 Kd3 62. Kf1 Ke3 63. Kg2 Ke2 0-1